पंचानवे भाषाओं का समेकित पर्याय शब्दकोश / (Record no. 51137)

MARC details
000 -LEADER
fixed length control field 01311nam a22002777a 4500
005 - DATE AND TIME OF LATEST TRANSACTION
control field 20080929101452.0
008 - FIXED-LENGTH DATA ELEMENTS--GENERAL INFORMATION
fixed length control field 080929t xxu||||| |||| 00| 0chin d
010 ## - LCCN (DPL NO)
LC control number HIN-92077
020 ## - INTERNATIONAL STANDARD BOOK NUMBER
International Standard Book Number 9789380417127
Terms of availability 400.00
035 ## - SYSTEM CONTROL NUMBER
System control number HN-64423
037 ## - SOURCE OF ACQUISITION
Source of stock number/acquisition DBAD / PUB
040 ## - CATALOGING SOURCE
Original cataloging agency DPL
Language of cataloging HN
082 ## - DEWEY DECIMAL CLASSIFICATION NUMBER
Classification number 423.41
100 ## - MAIN ENTRY--PERSONAL NAME
9 (RLIN) 26640
245 ## - TITLE STATEMENT
Title पंचानवे भाषाओं का समेकित पर्याय शब्दकोश /
Statement of responsibility, etc राजेन्द्र प्रसाद सिंह;शशिकला द्वारा संपादित
246 ## - VARYING FORM OF TITLE
Title proper/short title Pachanve Bhashaon kasamekit paryay shabd kosh
Remainder of title by Rajendra prasad singh &shshikala
260 ## - PUBLICATION, DISTRIBUTION, ETC. (IMPRINT)
Place of publication, distribution, etc कानपुर
Name of publisher, distributor, etc अमन प्रकाशन
Date of publication, distribution, etc 2010
270 ## - ADDRESS
Address 104A/ 118 रामबाग,
City कानपुर
Telephone number Off-0512-2543480, 09839218516 ,0512-2574766
Postal code 208012
Fax number 0512-2543480
300 ## - PHYSICAL DESCRIPTION
Extent 296पृ.
Dimensions 22सेमी (सजिल्द)
650 ## - SUBJECT ADDED ENTRY--TOPICAL TERM
9 (RLIN) 697
650 ## - SUBJECT ADDED ENTRY--TOPICAL TERM
9 (RLIN) 698
700 ## - ADDED ENTRY--PERSONAL NAME
9 (RLIN) 26643
Personal name शशिकला
710 ## - ADDED ENTRY--CORPORATE NAME
Corporate name or jurisdiction name as entry element शशिकला
9 (RLIN) 26662
942 ## - ADDED ENTRY ELEMENTS (KOHA)
Source of classification or shelving scheme Dewey Decimal Classification
Item type Hindi Books
Classification part 423.41
Call number suffix पंचान
Holdings
Withdrawn status Lost status Source of classification or shelving scheme Damaged status Not for loan Collection code Home library Current library Date acquired Source of acquisition Cost, normal purchase price Total Checkouts Full call number Barcode Date last seen Copy number Cost, replacement price Koha item type
    Dewey Decimal Classification   Not For Loan Non-fiction D.B.Act.Division D.B.Act.Division 17/03/2011 DBAD / PUB 400.00   423.41 पंचान HN-64423 17/03/2011 1 400.00 Hindi Books

© Delhi Public Library
Hit Counter
free hit counter